Using Commonplace Books to Enrich Medieval and Renaissance Courses.

Covering a variety of methods for introducing students to the medieval and Renaissance reading practice known as commonplacing, this volume provides instructors with concrete guidelines for using commonplace books as a teaching and learning tool.

Bibliographic Details
Main Author: Parker, Sarah E.
Other Authors: Silva, Andie.
Format: eBook
Language:English
Published: Amsterdam : Arc Humanities Press, 2023.
Edition:1st ed.
Series:Teaching the Medieval Ages - ARC Series
Subjects:
Online Access:Click to View
LEADER 01847nam a22003973i 4500
001 EBC30721636
003 MiAaPQ
005 20231204023231.0
006 m o d |
007 cr cnu||||||||
008 231204s2023 xx o ||||0 eng d
020 |a 9781802701258  |q (electronic bk.) 
035 |a (MiAaPQ)EBC30721636 
035 |a (Au-PeEL)EBL30721636 
035 |a (OCoLC)1397574373 
040 |a MiAaPQ  |b eng  |e rda  |e pn  |c MiAaPQ  |d MiAaPQ 
082 0 |a 909.07 
100 1 |a Parker, Sarah E. 
245 1 0 |a Using Commonplace Books to Enrich Medieval and Renaissance Courses. 
250 |a 1st ed. 
264 1 |a Amsterdam :  |b Arc Humanities Press,  |c 2023. 
264 4 |c Ã2023. 
300 |a 1 online resource (194 pages) 
336 |a text  |b txt  |2 rdacontent 
337 |a computer  |b c  |2 rdamedia 
338 |a online resource  |b cr  |2 rdacarrier 
490 1 |a Teaching the Medieval Ages - ARC Series 
520 |a Covering a variety of methods for introducing students to the medieval and Renaissance reading practice known as commonplacing, this volume provides instructors with concrete guidelines for using commonplace books as a teaching and learning tool. 
588 |a Description based on publisher supplied metadata and other sources. 
590 |a Electronic reproduction. Ann Arbor, Michigan : ProQuest Ebook Central, 2023. Available via World Wide Web. Access may be limited to ProQuest Ebook Central affiliated libraries.  
655 4 |a Electronic books. 
700 1 |a Silva, Andie. 
776 0 8 |i Print version:  |a Parker, Sarah E.  |t Using Commonplace Books to Enrich Medieval and Renaissance Courses  |d Amsterdam : Arc Humanities Press,c2023 
797 2 |a ProQuest (Firm) 
830 0 |a Teaching the Medieval Ages - ARC Series 
856 4 0 |u https://ebookcentral.proquest.com/lib/matrademy/detail.action?docID=30721636  |z Click to View